000 01275nam a2200313 i 4500
003 EG-GICUC
005 20260121101703.0
008 260108k19811982ua ||||fr|||| 001 0 ara d
040 _a EG-GICUC
_bara
_c EG-GICUC
_d EG-GICUC
_erda
041 _aara
082 0 4 _a343.433
_bم ح . ش
_221
092 0 4 _221
099 _aLaw1 10 343.433 م ح . ش ed 1 - 1982 1006771
100 0 _aمحمد السيد هشهش.
_eمؤلف.
245 1 0 _aشرح جرائم الاشتباه، التشرد، التسول وعقوبة الوضع تحت مراقبة في القانون المصري وفقا لآخر التعديلات /
_cمحمد السيد هشهش.
250 _aالطبعة الأولى،
264 1 _aالإسكندرية، مصر :
_bمطابع السفير،
_c1982.
300 _a302 صفحة ؛
_c24 سم.
336 _2rda content
_atext
337 _2rda media
_aComputer
338 _2rda carrier
_aOnline Resource
504 _aيشتمل على ارجاعات ببليوجرافية.
546 _aالنص باللغة العربية
650 1 _aالتشريع الخاص بالتشرد والتسول.
_2qrmak
651 1 _2qrmak
856 4 0 _uhttps://fll.law.cu.edu.eg/fulltext/bks/B10-06771.pdf
905 _a18
942 _2ddc
_n0
_cBK
_e21
999 _c55528
_d55528